00481nam a2200145Ia 4500008004100000100002800041245008900069245002800158260003900186260000900225300001000234650001800244650001500262856005800277170221s9999 xx 000 0 und d aMiguel A. Aijón-Oliva aGrammatical Choice and Meaning in Media Discourse: The Spanish Periphrastic Passive  cMiguel A. Aijón-Oliva bStudies in Media and Communication c2013 a1 : 2 xCommunication xMedia Arts uhttp://redfame.com/journal/index.php/smc/issue/view/6